2023-2024 Memphis Grizzlies Roster - Statistics

General Stats
  • This quiz has been taken 16 times
  • The average score is 8 of 34
Answer Stats
Answer % Correct
Ja Morant
100%
Jaren Jackson Jr
100%
Desmond Bane
81%
Steven Adams
75%
Brandon Clarke
63%
Marcus Smart
63%
John Konchar
56%
Luke Kennard
44%
Santi Aldama
44%
Derrick Rose
31%
GG Jackson II
19%
Jake LaRavia
19%
Scotty Pippen Jr
19%
Vince Williams Jr
19%
Bismack Biyombo
13%
Lamar Stevens
13%
Yuta Watanabe
13%
Ziare Williams
13%
David Roddy
6%
Jacob Gilyard
6%
Trey Jemison
6%
Xavier Tillman Sr
6%
DeJon Jarreau
0%
Jack White
0%
Jaylen Nowell
0%
Jordan Goodwin
0%
Kenneth Lofton Jr
0%
Maozinha Pereia
0%
Matthew Hurt
0%
Shaquille Harrison
0%
Timmy Allen
0%
Tosan Evbuomwan
0%
Wenyen Gabriel
0%
Zavier Simpson
0%
No matching quizzes found
Score Distribution
Percent of People with Each Score
Percentile by Number Answered
Your Score History
You have not taken this quiz